000 00404nam a2200169Ia 4500
001 24128
005 20260414151023.0
008 260414t2011||||xx |||||||||||||| ||spa||
041 _aESP
082 _a780.985
_bV47
100 _aVera Béjar, Augusto
_eAUT
245 0 _aCástor Vera Solano :
_balma musical de Puno
260 _c2011
650 _aABD
654 _aCAU
942 _cLIB
_dJUS
_fJUS
_2ddc
_n
999 _c24128
_d24128